| 000 | 00000nam 2200000za 4500 |
| 001 | 9.700075 |
| 003 | CaOODSP |
| 005 | 20240219183348 |
| 007 | cr ||||||||||| |
| 008 | 150407|2008||||xxc|||||o f|0| 0 eng d |
| 040 | |aCaOODSP|beng |
| 043 | |an-cn--- |
| 086 | 1 |aD2-344/2008E-PDF |
| 110 | 2 |aDefence R&D Canada. |
| 245 | 14|aThe 2007 Defence Ethics Survey : |h[electronic resource]|bsummary of the overall CF and DND findings for decision-makers / |c[by] Kyle Fraser. |
| 260 | |aOttawa - Ontario : |bNational Defence. |cAugust 2008. |
| 300 | |a52p.|bglossary, graphs, references, tables |
| 500 | |a"Defence R&D Canada-CORA, Technical note DRDC CORA TN 2008-16"--p.2 of 52. |
| 546 | |a(Résumé en français.) |
| 590 | |a14-20-Supp|b2014-11-25 |
| 690 | 07|aArmed forces|2gcpds |
| 690 | 07|aDecision making|2gcpds |
| 690 | 07|aEthics|2gcpds |
| 775 | 08|tSondage sur l'éthique de la Défense de 2007 : |w(CaOODSP)9.643991 |
| 794 | |t2010 Defence Ethics Survey report / |w(CaOODSP)9.700077 |
| 795 | |t2003 Defence Ethics Survey report / |w(CaOODSP)9.700074 |
| 856 | 40|ahttp://publications.gc.ca|qPDF|s292 KB|uhttps://publications.gc.ca/collections/collection_2014/mdn-dnd/D2-344-2008-eng.pdf |
| 986 | |aDRDC CORA TN 2008-016 |